000 00430nam a2200157Ia 4500
008 230917s9999||||xx |||||||||||||| ||und||
020 _cRS26
040 _e24881
_aMAIN
041 _aEnglish
082 _a320.072 V43R
100 _aVarma, S L
245 0 _aRajniti-vigyan me anushandhan pravidhi: Research methodology in political sc
260 _aJaipur
_bRajasthan Sahitya Academy
_c1980
300 _a342 p.
942 _cBK
999 _c223709
_d223709